| 000 | 01066cab a2200253 4500 | ||
|---|---|---|---|
| 001 | ABS58109 | ||
| 008 | 090401t1997 xxu||||| |||| 00| 0 eng d | ||
| 035 | _a(Sirsi) u82972 | ||
| 041 | _aeng | ||
| 245 | _aReid (VO) v Barking, Havering and Brentwood Community Health Care Trust | ||
| 260 | _c1997 | ||
| 350 | _a0 | ||
| 490 |
_aRating Appeals _v[1997] RA 385-412(28) |
||
| 520 | _aLT 13 August 1997. The Community Drug Advisory Service used premises held to be exempt from non domestic rating were wholly used for the provision of welfare. R held the view that services provided to persons suffering from drug misuse where not strictly welfare and so the premises were not exempt. "Held" Premises not exempt. | ||
| 650 | _aEXEMPTION FROM RATES | ||
| 650 | _aLOCAL GOVERNMENT FINANCE ACT 1988 | ||
| 650 | _aNON-DOMESTIC RATING | ||
| 650 | _aRATING APPEALS | ||
| 650 | _aREID VO V BARKING HAVERING & BRENTWOOD COMMUNITY HEALTH CARE TRUST | ||
| 650 | _aWELFARE SERVICES | ||
| 690 | _aRATING AND VALUATION-CASE LAW | ||
| 942 | _n0 | ||
| 948 | _c06/01/1998 | ||
| 999 |
_c52408 _d52408 |
||